Bảo tồn và phát huy các giá trị văn hoá phi vật thể /

में बचाया:
ग्रंथसूची विवरण
मुख्य लेखक: Lưu Trần Tiêu, GS.TSKH.
स्वरूप: लेख
भाषा:Vietnamese
विषय:
टैग : टैग जोड़ें
कोई टैग नहीं, इस रिकॉर्ड को टैग करने वाले पहले व्यक्ति बनें!
Thư viện lưu trữ: Thư viện Trường Đại học Đà Lạt
LEADER 00791nam a2200265 4500
001 DLU090080671
005 ##20090619
040 # # |a DLU  |b vie 
041 # # |a vie 
044 # # |a vn 
100 # # |a Lưu Trần Tiêu,  |c GS.TSKH. 
245 # # |a Bảo tồn và phát huy các giá trị văn hoá phi vật thể /  |c Lưu Trần Tiêu. 
653 # # |a Bảo tồn 
653 # # |a Chính sách nhà nước 
653 # # |a Văn hoá phi vật thể 
773 # # |t Văn hoá Nghệ thuật  |g Số 10(196), 2000, tr. 3-6 
920 # # |a Phòng Tạp chí -- Trung tâm Thông tin - Thư viện Trường Đại học Đà Lạt 
994 # # |a DLU 
900 # # |a True 
911 # # |a Đào Thị Thu Huyền 
925 # # |a G 
926 # # |a A 
927 # # |a BB 
980 # # |a Thư viện Trường Đại học Đà Lạt